Erection of Prefabricated Reinforced-Concrete Structures (Record no. 548881)
[ view plain ]
| 000 -LEADER | |
|---|---|
| fixed length control field | 00481nam a22001577a 4500 |
| 082 ## - DEWEY DECIMAL CLASSIFICATION NUMBER | |
| Classification number | 691.3 |
| Author Mark | BES |
| -- | L-20, P-97 |
| 100 ## - MAIN ENTRY--PERSONAL NAME | |
| Personal name | Y. Besser, V. Proskurnin |
| 9 (RLIN) | 45337 |
| 245 ## - TITLE STATEMENT | |
| Title | Erection of Prefabricated Reinforced-Concrete Structures |
| Statement of responsibility, etc. | Y. Besser, V. Proskurnin |
| 250 ## - EDITION STATEMENT | |
| Edition statement | 1966 |
| 260 ## - PUBLICATION, DISTRIBUTION, ETC. | |
| Place of publication, distribution, etc. | Moscow |
| Name of publisher, distributor, etc. | Mir Publishers |
| Date of publication, distribution, etc. | 1971 |
| 300 ## - PHYSICAL DESCRIPTION | |
| Extent | 280 P, : |
| 526 ## - STUDY PROGRAM INFORMATION NOTE | |
| Program name | 0 |
| Interest level | 0 |
| Reading level | 0 |
| Title point value | 691_300000000000000_BES |
| 526 ## - STUDY PROGRAM INFORMATION NOTE | |
| Program name | 0 |
| Interest level | 0 |
| Reading level | 0 |
| Title point value | 691_300000000000000_BES |
| 650 ## - SUBJECT ADDED ENTRY--TOPICAL TERM | |
| Topical term or geographic name entry element | MCE |
| 9 (RLIN) | 379 |
| 942 ## - ADDED ENTRY ELEMENTS (KOHA) | |
| Source of classification or shelving scheme | |
| Koha item type | Book |
| Withdrawn status | Lost status | Source of classification or shelving scheme | Damaged status | Not for loan | Permanent Location | Current Location | Date acquired | Total Checkouts | Full call number | Barcode | Date last seen | Price effective from | Koha item type |
|---|---|---|---|---|---|---|---|---|---|---|---|---|---|
| Military College of Engineering (MCE) | Military College of Engineering (MCE) | 09/09/2014 | 691.3 BES | MCE-3429 | 09/09/2014 | 09/09/2014 | Book | ||||||
| Military College of Engineering (MCE) | Military College of Engineering (MCE) | 09/09/2014 | 691.3 BES | MCE-3617 | 09/09/2014 | 09/09/2014 | Book |
